| 000 | 00634nam a2200205Ia 4500 | ||
|---|---|---|---|
| 999 |
_c47413 _d47413 |
||
| 001 | 14275 | ||
| 003 | GE_BSU | ||
| 005 | 20221121144155.0 | ||
| 008 | 181216s2000||||enk|||||||||||||| ||eng|| | ||
| 020 | _a9781857511666x | ||
| 040 | _cGE_BSU | ||
| 041 | _aeng | ||
| 080 | _a624 H-43 | ||
| 245 | _aHealth and Safety Testing in Construction | ||
| 250 | _aEdition 7 | ||
| 264 |
_aNorfolk : _bofficial publication, _c2000. |
||
| 300 |
_a215 p.; _b21 cm. |
||
| 653 | _aჯანმრთელობისა და უსაფრთხოების ტესტირება მშენებლობაში | ||
| 942 |
_cBK _2udc |
||